Dandy's World Skins - Statistics

General Stats
  • This quiz has been taken 61 times
    23 since last reset
  • The average score is 116 of 224
Answer Stats
Toon Skin % Correct
Show-Time
79%
Snow-Time
79%
Star-Time
79%
Astro | Bassie | Blot | +36 others Vintage
79%
Spring-Time
71%
Starry Night
71%
Belle Basket
64%
Funny Bunny
64%
North Star
64%
Scarlet Night
64%
Bedtime Bear
57%
Caramel Drizzle
57%
Dessertful Scientist
57%
Golden Basket
57%
Hot Chocolate
57%
Special Spaghetti
57%
Sunflower Patch
57%
Antique Shade
50%
Berry Roll
50%
Bright Dawn
50%
Carrot Cake
50%
Cheer Bear
50%
Chilly Penguin
50%
Chocoberry
50%
Cloudy Dream
50%
Colorful April
50%
Cosmic Signal
50%
Cozy Pink
50%
Creepy Chord
50%
Dapperly Festive
50%
Dino Snore
50%
Egg Hunting
50%
Eve Sleeper
50%
Fall Stroll
50%
Gloomy Sleeper
50%
Golden Bauble
50%
Golden Egg
50%
Grumpy Bear
50%
Ice Fisher
50%
Lost Prince
50%
Luna Moth
50%
Painted Patterns
50%
Passionate Wisteria
50%
Prismatic Pal
50%
Purple Elegance
50%
Quiet Caroler
50%
Sanguine Silence
50%
Soothing Pollen
50%
Sweet Roll
50%
Swirling Mix Up
50%
Vee-ster Bunny
50%
Alpha Sleeper
43%
Blossom Buddy
43%
Bowful Beauty
43%
Brisk Breeze
43%
Bunny Wabbit
43%
Confident Caroler
43%
Cozy Lighting
43%
Creepy Clown
43%
Dark Spikes
43%
Dog Plush Onesie
43%
Double Bubble
43%
Ebony Detective
43%
Extra Cheese
43%
Festive Dress
43%
Flowery Punch
43%
Fun Partygoer
43%
Garden Blossoms
43%
Golden Antlers
43%
Golden Bunny
43%
Golden Cookie
43%
Golden Dust
43%
Guess What I Eat
43%
Holly Lace
43%
Howling Moonstone
43%
Junior Detective
43%
Lavender Maid
43%
List Maker
43%
Little Helper
43%
Loyal Bud
43%
Marching Band
43%
Midnight Sleeper
43%
Minty Pine
43%
Neapolitan
43%
New Years
43%
Pastel Patterns
43%
Picnic Outing
43%
Prehistoric Peppermint
43%
Rainy Day
43%
Research-Mobile
43%
Rosy Maple
43%
Sapphire Dots
43%
Scary Stylish
43%
Seafoam
43%
Served Eggy
43%
Shining Wreath
43%
Snowball Fight
43%
Snowy Rescue
43%
Spring Cleaning
43%
Spring Outing
43%
Spring Quilt
43%
Spring Sky
43%
Still Hip
43%
Sugar Cookie
43%
Sugary Shortcake
43%
Tasty Carrot
43%
Thorned Geode
43%
Vivid Monarch
43%
Wilted Daisies
43%
Autumn Palette
36%
Blue Bell
36%
Bundled Up
36%
Candy Critter
36%
Christmas Past
36%
Cozy Christmas
36%
Cozy Sweater
36%
Crimson Imp
36%
Crinkling Leaves
36%
Cutesy Calico
36%
Dawn Clouds
36%
Eggcelent Decorator
36%
Egg Thief
36%
Fairy Godmother
36%
Festive Detective
36%
Floral Suds
36%
Fresh Fall
36%
Frosty Fluff
36%
Frosty Mittens
36%
Full Moon
36%
Garden Bouquet
36%
Gleeful Gift
36%
Golden Wings
36%
Gourd Guard
36%
Haunted Flame
36%
Haunted Topic
36%
Holiday Special
36%
Holly Jolly
36%
Lilac Haunting
36%
Little Red
36%
Matcha Morning
36%
Painted Eggshells
36%
Pastel Paper
36%
Pastel Porcelain
36%
Perfect Petals
36%
Pretty Present
36%
Radiant Dream
36%
Salted Caramel
36%
Skele-Kitty
36%
Sparkling Snow
36%
Strawberry Paws
36%
Tacky Sweater
36%
Tea Party Guest
36%
Violet Caster
36%
Wildberry Delight
36%
Winged Chords
36%
Winter Mint
36%
Wrapped Chic
36%
Zapped Creation
36%
Berry Beast
29%
Choco Cones
29%
Cranky Christmas
29%
Crinkled Confetti
29%
Figure Painter
29%
Ghastly Glow
29%
Giftwrap And Ribbons
29%
Infected Candy
29%
Rainbow Sherbet
29%
Spring Formal
29%
Violet Debonair
29%
Fancy Flosting
7%
No matching quizzes found
Score Distribution
Percent of People with Each Score
Percentile by Number Answered
Your Score History
You have not taken this quiz since the last reset